Giáo trình toán Hình học

Đã lưu trong:
Sonraí Bibleagrafaíochta
Príomhúdar: Jean-Marie monier
Formáid: Leabhar
Clibeanna: Cuir Clib Leis
Gan Chlibeanna, Bí ar an gcéad duine leis an taifead seo a chlibeáil!
Thư viện lưu trữ: Mạng thư viện Đại học Đà Nẵng
LEADER 00703nam a2200217 4500
001 000008048
003 4229
005 20150812140855.0
008 111013s sd
100 0 |a Jean-Marie monier 
245 0 0 |a Giáo trình toán  |b Hình học  |c Jean-Marie Monier 
774 |a Marie Monier-Jean  |d Nhà xuất bản giáo dục  |d Hà Nội  |d 1999  |g Tập 5  |h 582 tr  |w 4260 
774 |a Marie Monier-Jean  |d Nhà xuất bản giáo dục  |d Hà Nội  |d 1999  |g tập 7  |h 506 tr  |w 4252 
OWN |a LSP 
999 |a From the UDN01 
TYP |a Monograph 
TYP |a Printed language 
980 |a Mạng thư viện Đại học Đà Nẵng